00631nam a22001937a 450000500170000000800410001704000210005804100080007908200130008710000270010024500490012725000120017626000400018830000100022865000490023894200120028799900170029995201210031620230609141747.0230609b ||||| |||| 00| 0 eng d aIN-DiNCcIN-DiNC dasm a920bSHA aSharma, Tridibeauthor aPandit Deendayal Upadhyay/cby Tridib Sharma a1st ed. aGuwahati:bAssam book trust,c2017. a164p. aBiography and ideology of Deendayal Upadhyay 2ddccBK c11557d11557 00102ddc40708GENaMAINbMAINcGENd2023-06-09g170.00l0o920 SHAp26264r2023-06-09 00:00:00t1w2023-06-09yBK